[Event "British Columbia-ch U20"]
[Site "Richmond CAN"]
[Date "2017.11.12"]
[Round "3.3"]
[White "Zhu, Brandon"]
[Black "Yang, Brian"]
[Result "1-0"]
[WhiteElo "2084"]
[BlackElo "1400"]
[WhiteFideId "-1"]
[WhiteFideId "-1"]
[PlyCount "72"]
[GameId "2160767908308974"]
[EventDate "2017.11.11"]
[EventType "swiss"]
[EventRounds "5"]
[EventCountry "CAN"]
[SourceTitle "EXT 2022"]
[Source "ChessBase"]
[SourceDate "2021.10.06"]
[SourceVersion "1"]
[SourceVersionDate "2021.10.06"]
[SourceQuality "1"]

1. d4 Nf6 2. c4 g6 3. Nc3 Bg7 4. e4 d6 5. Be2 O-O 6. Nf3 e5 7. O-O Nc6 8. d5 Ne7 9. Ne1 Nd7 10. f3 f5 11. g4 h5 12. g5 h4 13. Nd3 Nc5 14. Nxc5 dxc5 15. Be3 f4 16. Bxc5 Bh3 17. Rf2 Rf7 18. Qb3 b6 19. Bxe7 Qxe7 20. d6 Qxg5+ 21. Kh1 Bf8 22. c5 cxd6 23. Bc4 d5 24. Bxd5 Bxc5 25. Bxf7+ Kh8 26. Rg1 Qe7 27. Rgg2 Bxg2+ 28. Rxg2 h3 29. Rg4 Kg7 30. Rxg6+ Kh7 31. Rg4 Rf8 32. Bd5 Rf6 33. Bg8+ Kh8 34. Rh4+ Kg7 35. Rh7+ Kf8 36. Rxe7 Kxe7 1-0

[Event "British Columbia-ch U20"]
[Site "Richmond CAN"]
[Date "2017.11.12"]
[Round "3.4"]
[White "Doknjas, Neil"]
[Black "Zhou, Aiden"]
[Result "0-1"]
[WhiteElo "1918"]
[BlackElo "1942"]
[WhiteFideId "-1"]
[WhiteFideId "-1"]
[PlyCount "92"]
[GameId "2160767908308975"]
[EventDate "2017.11.11"]
[EventType "swiss"]
[EventRounds "5"]
[EventCountry "CAN"]
[SourceTitle "EXT 2022"]
[Source "ChessBase"]
[SourceDate "2021.10.06"]
[SourceVersion "1"]
[SourceVersionDate "2021.10.06"]
[SourceQuality "1"]

1. e4 e6 2. d4 d5 3. Nc3 Nf6 4. Bg5 Bb4 5. e5 h6 6. Bd2 Bxc3 7. Bxc3 Ne4 8. Qg4 g6 9. Bd3 Nxc3 10. bxc3 c5 11. dxc5 Nd7 12. Bb5 Qc7 13. Qd4 Kf8 14. Bxd7 Bxd7 15. f4 Bb5 16. Qb4 Bc6 17. Nf3 Kg7 18. Nd4 Rhc8 19. O-O Bd7 20. Nb3 a5 21. Qd4 a4 22. Nc1 Qxc5 23. Rb1 Rab8 24. Qxc5 Rxc5 25. Rf3 Bb5 26. Nd3 Bxd3 27. Rxd3 b5 28. Re1 Rc4 29. g3 Rbc8 30. Ree3 b4 31. cxb4 Rxc2 32. a3 Ra2 33. Rc3 d4 34. Rxc8 dxe3 35. Rc1 Rxa3 36. Kg2 Rb3 37. Ra1 a3 38. b5 Rb2+ 39. Kf3 e2 40. Kf2 a2 41. Re1 Rxb5 42. Rxe2 a1=Q 43. Rd2 Rb2 44. Rxb2 Qxb2+ 45. Kf3 Qxh2 46. Kg4 Qh5# 0-1

[Event "British Columbia-ch U20"]
[Site "Richmond CAN"]
[Date "2017.11.12"]
[Round "3.5"]
[White "Wu, Lucian"]
[Black "Taylor, Tristan"]
[Result "0-1"]
[WhiteElo "1838"]
[BlackElo "1592"]
[WhiteFideId "-1"]
[WhiteFideId "-1"]
[PlyCount "116"]
[GameId "2160767908308976"]
[EventDate "2017.11.11"]
[EventType "swiss"]
[EventRounds "5"]
[EventCountry "CAN"]
[SourceTitle "EXT 2022"]
[Source "ChessBase"]
[SourceDate "2021.10.06"]
[SourceVersion "1"]
[SourceVersionDate "2021.10.06"]
[SourceQuality "1"]

1. d4 d5 2. c4 e6 3. Nc3 Nf6 4. cxd5 exd5 5. Bg5 Be7 6. e3 O-O 7. Bd3 b6 8. Nge2 Bb7 9. O-O Nbd7 10. Rc1 c5 11. Bf4 a6 12. h3 c4 13. Bc2 b5 14. a3 Bc6 15. Ng3 b4 16. axb4 Bxb4 17. Qf3 Nb6 18. Nf5 Bxc3 19. bxc3 Ne4 20. Qg4 g6 21. Bxe4 dxe4 22. Nh6+ Kh8 23. h4 Nd5 24. Bh2 Qd7 25. Qe2 Kg7 26. Ng4 f6 27. Bg3 Rae8 28. Rfd1 Bb5 29. Nh2 Ne7 30. h5 Nf5 31. Qg4 Nxg3 32. Qxg3 Qd5 33. hxg6 hxg6 34. Rf1 Rf7 35. f3 Rfe7 36. fxe4 Qxe4 37. Rf3 Bd7 38. Re1 Re6 39. Ref1 Rc6 40. Qf2 Bf5 41. g4 Bxg4 42. Rxf6 Bf5 43. Rxc6 Qxc6 44. Qg3 Qe6 45. Re1 Re7 46. Nf3 Qe4 47. Ne5 Qc2 48. Rf1 Bd3 49. Qg5 Rb7 50. Ng4 Bxf1 51. Qh6+ Kg8 52. Nf6+ Kf7 53. Qh7+ Kxf6 54. Qh8+ Kg5 55. Qd8+ Kg4 56. Qc8+ Kg3 57. Qxb7 Qg2+ 58. Qxg2+ Bxg2 0-1

[Event "British Columbia-ch U20"]
[Site "Richmond CAN"]
[Date "2017.11.12"]
[Round "3.6"]
[White "Zheng, Victor"]
[Black "Gu, Chuyang"]
[Result "1-0"]
[WhiteElo "1814"]
[BlackElo "1830"]
[WhiteFideId "-1"]
[WhiteFideId "-1"]
[PlyCount "79"]
[GameId "2160767908308977"]
[EventDate "2017.11.11"]
[EventType "swiss"]
[EventRounds "5"]
[EventCountry "CAN"]
[SourceTitle "EXT 2022"]
[Source "ChessBase"]
[SourceDate "2021.10.06"]
[SourceVersion "1"]
[SourceVersionDate "2021.10.06"]
[SourceQuality "1"]

1. Nf3 Nf6 2. g3 d5 3. Bg2 e6 4. O-O c5 5. d4 Nc6 6. c3 Be7 7. Nbd2 O-O 8. Re1 Qb6 9. Qb3 cxd4 10. Qxb6 axb6 11. cxd4 Nb4 12. Rd1 Rxa2 13. Rxa2 Nxa2 14. Nb3 Bd7 15. Bf4 Rc8 16. Ra1 Nb4 17. Rc1 Rxc1+ 18. Nxc1 Kf8 19. Bc7 Bb5 20. Bxb6 Bd6 21. Bf1 Ke7 22. e3 Bxf1 23. Kxf1 Ne4 24. Ke2 f6 25. Nd2 Nxd2 26. Kxd2 e5 27. Nd3 g5 28. f3 h5 29. Nxb4 Bxb4+ 30. Kd3 g4 31. f4 exf4 32. exf4 f5 33. Bc5+ Bxc5 34. dxc5 Kd7 35. Kd4 Kc6 36. b3 Kb5 37. Kxd5 Kb4 38. c6 bxc6+ 39. Kxc6 Kxb3 40. Kd5 1-0

[Event "British Columbia-ch U20"]
[Site "Richmond CAN"]
[Date "2017.11.12"]
[Round "3.7"]
[White "Sun, Elvin"]
[Black "Chung, Alec"]
[Result "0-1"]
[WhiteElo "1428"]
[BlackElo "1791"]
[WhiteFideId "-1"]
[WhiteFideId "-1"]
[PlyCount "142"]
[GameId "2160767908308978"]
[EventDate "2017.11.11"]
[EventType "swiss"]
[EventRounds "5"]
[EventCountry "CAN"]
[SourceTitle "EXT 2022"]
[Source "ChessBase"]
[SourceDate "2021.10.06"]
[SourceVersion "1"]
[SourceVersionDate "2021.10.06"]
[SourceQuality "1"]

1. e4 c5 2. Nf3 d6 3. Bb5+ Bd7 4. Bxd7+ Nxd7 5. c3 Ngf6 6. d3 g6 7. Be3 Ng4 8. Bd2 Bg7 9. h3 Nge5 10. Qe2 Qb6 11. Bc1 Rc8 12. O-O O-O 13. Nbd2 Qa6 14. c4 Nc6 15. a3 b5 16. Rb1 b4 17. Nb3 Rb8 18. Qc2 Na5 19. Nxa5 Qxa5 20. axb4 Qxb4 21. b3 Ne5 22. Nxe5 Bxe5 23. Bd2 Qb7 24. Bh6 Rfc8 25. Bg5 Rc6 26. Bd2 Rb6 27. b4 cxb4 28. Rb3 a5 29. Rfb1 Bd4 30. Qa2 Ra8 31. Kf1 Qc8 32. f3 Qb7 33. Ke2 Bc5 34. Qa4 Qc6 35. Qxc6 Rxc6 36. Be3 a4 37. R3b2 Bxe3 38. Kxe3 b3 39. Kd4 Ra5 40. Ra1 Kf8 41. Rxb3 axb3 42. Rxa5 Rb6 43. Ra1 b2 44. Rb1 Rb3 45. Ke3 Kg7 46. Kd2 Kf6 47. Kc2 Rb8 48. Rxb2 Rxb2+ 49. Kxb2 Ke5 50. g3 Kd4 51. Kc2 Ke3 52. Kc3 Kxf3 53. e5 f6 54. d4 fxe5 55. dxe5 dxe5 56. c5 e4 57. c6 e3 58. c7 e2 59. c8=Q e1=Q+ 60. Kd4 e5+ 61. Kd5 Qe4+ 62. Kd6 Qd4+ 63. Ke6 e4 64. Qf8+ Kg2 65. Qf4 Qb6+ 66. Kd5 Qb5+ 67. Kxe4 Qc4+ 68. Ke3 Qxf4+ 69. Kxf4 Kxh3 70. g4 Kh4 71. g5 Kh5 0-1

[Event "British Columbia-ch U20"]
[Site "Richmond CAN"]
[Date "2017.11.12"]
[Round "3.8"]
[White "Van, Anna"]
[Black "Singh, Gurbaz"]
[Result "1-0"]
[WhiteElo "1667"]
[BlackElo "1425"]
[WhiteFideId "-1"]
[WhiteFideId "-1"]
[PlyCount "41"]
[GameId "2160767908308979"]
[EventDate "2017.11.11"]
[EventType "swiss"]
[EventRounds "5"]
[EventCountry "CAN"]
[SourceTitle "EXT 2022"]
[Source "ChessBase"]
[SourceDate "2021.10.06"]
[SourceVersion "1"]
[SourceVersionDate "2021.10.06"]
[SourceQuality "1"]

1. e4 c5 2. Nc3 Nc6 3. f4 d6 4. Nf3 g6 5. Bb5 Bd7 6. Bxc6 Bxc6 7. d3 Bg7 8. O-O Nf6 9. Qe1 O-O 10. Qh4 e6 11. f5 exf5 12. exf5 Nh5 13. Qh3 Bd7 14. Ng5 Bh6 15. Nxf7 Rxf7 16. Bxh6 Rxf5 17. Rxf5 Bxf5 18. g4 Bd7 19. Qf3 Nf6 20. Rf1 Nxg4 21. Qf7+ 1-0

[Event "British Columbia-ch U20"]
[Site "Richmond CAN"]
[Date "2017.11.12"]
[Round "3.9"]
[White "Leong, Ryan"]
[Black "Bremner, William"]
[Result "1-0"]
[WhiteElo "1589"]
[BlackElo "1547"]
[WhiteFideId "-1"]
[WhiteFideId "-1"]
[PlyCount "117"]
[GameId "2160767908308980"]
[EventDate "2017.11.11"]
[EventType "swiss"]
[EventRounds "5"]
[EventCountry "CAN"]
[SourceTitle "EXT 2022"]
[Source "ChessBase"]
[SourceDate "2021.10.06"]
[SourceVersion "1"]
[SourceVersionDate "2021.10.06"]
[SourceQuality "1"]

1. Nf3 Nf6 2. g3 d5 3. Bg2 c6 4. O-O Bf5 5. d3 e6 6. Nh4 Bg4 7. h3 Bh5 8. g4 Bg6 9. Nxg6 hxg6 10. e4 Qc7 11. f4 Be7 12. Nc3 dxe4 13. dxe4 Nbd7 14. e5 Nd5 15. Nxd5 cxd5 16. Be3 Bc5 17. Rf3 Bxe3+ 18. Rxe3 Rc8 19. Rc1 Qb6 20. Qd2 Qxb2 21. Rb3 Qxa2 22. Rxb7 Qc4 23. Rxa7 Qc5+ 24. Qf2 Qxf2+ 25. Kxf2 Nb6 26. Rb1 Rxc2+ 27. Kg3 Nc8 28. Ra8 Rc3+ 29. Kf2 O-O 30. Rbb8 Kh8 31. Bf1 Rg8 32. h4 Rc7 33. Ke3 Ne7 34. Rxg8+ Nxg8 35. g5 Kh7 36. Bd3 Ne7 37. h5 Nf5+ 38. Bxf5 exf5 39. hxg6+ Kxg6 40. Ra4 Rc3+ 41. Kd4 Rc4+ 42. Rxc4 dxc4 43. Kxc4 Kh5 44. Kd5 Kg4 45. g6 fxg6 46. e6 Kxf4 47. e7 g5 48. e8=Q g4 49. Qe5+ Kg5 50. Qxg7+ Kf4 51. Qh6+ Kf3 52. Ke5 g3 53. Qf4+ Kg2 54. Kd4 Kh3 55. Qxf5+ Kh2 56. Qh5+ Kg1 57. Ke3 g2 58. Kf3 Kf1 59. Qh3 1-0

[Event "British Columbia-ch U20"]
[Site "Richmond CAN"]
[Date "2017.11.12"]
[Round "3.10"]
[White "Xu, Andrew"]
[Black "Wang, Jerry"]
[Result "1-0"]
[WhiteElo "1450"]
[BlackElo "1521"]
[WhiteFideId "-1"]
[WhiteFideId "-1"]
[PlyCount "57"]
[GameId "2160767908308981"]
[EventDate "2017.11.11"]
[EventType "swiss"]
[EventRounds "5"]
[EventCountry "CAN"]
[SourceTitle "EXT 2022"]
[Source "ChessBase"]
[SourceDate "2021.10.06"]
[SourceVersion "1"]
[SourceVersionDate "2021.10.06"]
[SourceQuality "1"]

1. e4 c5 2. Nf3 Nc6 3. Bb5 g6 4. c3 Bg7 5. O-O d6 6. Bxc6+ bxc6 7. h3 e5 8. Re1 Nf6 9. d4 cxd4 10. cxd4 exd4 11. Nxd4 c5 12. Nf3 O-O 13. Nc3 Qb6 14. Qc2 Bb7 15. Bf4 Rfe8 16. Rad1 Rad8 17. a3 Qc6 18. Nd2 d5 19. exd5 Rxe1+ 20. Rxe1 Nxd5 21. Nxd5 Qxd5 22. Nf3 h6 23. h4 f6 24. Qxg6 Kf8 25. Bxh6 Bxh6 26. Qxf6+ Kg8 27. Qxh6 Rf8 28. Qg6+ Kh8 29. Re7 1-0

[Event "British Columbia-ch U20"]
[Site "Richmond CAN"]
[Date "2017.11.13"]
[Round "4.1"]
[White "Doknjas, Joshua"]
[Black "Zhou, Aiden"]
[Result "1-0"]
[WhiteElo "2259"]
[BlackElo "1942"]
[WhiteFideId "-1"]
[WhiteFideId "-1"]
[PlyCount "131"]
[GameId "2160767908308982"]
[EventDate "2017.11.11"]
[EventType "swiss"]
[EventRounds "5"]
[EventCountry "CAN"]
[SourceTitle "EXT 2022"]
[Source "ChessBase"]
[SourceDate "2021.10.06"]
[SourceVersion "1"]
[SourceVersionDate "2021.10.06"]
[SourceQuality "1"]

1. e4 e6 2. d4 d5 3. Nc3 Nf6 4. Bg5 Bb4 5. e5 h6 6. Bc1 Ne4 7. Qg4 Kf8 8. Nge2 c5 9. a3 Ba5 10. dxc5 Bxc3+ 11. Nxc3 Nxc3 12. bxc3 Qc7 13. f4 b6 14. Bd2 bxc5 15. Bd3 Nd7 16. O-O c4 17. Be2 f5 18. exf6 Nxf6 19. Qg6 Qf7 20. Qxf7+ Kxf7 21. Be3 Bd7 22. Rfb1 Rhb8 23. Bd4 Ba4 24. Bd1 Ne4 25. Rb4 Rxb4 26. axb4 Bb5 27. Bf3 Nd2 28. Bg4 a6 29. g3 g6 30. Kf2 Ne4+ 31. Kg2 Nd6 32. Bf3 h5 33. h3 Nf5 34. Bf2 Nd6 35. Bb6 Ne4 36. Bxe4 dxe4 37. Kf2 Bc6 38. Ke3 Ke7 39. Ra5 Bd5 40. Rc5 Rb8 41. Ba5 Rb7 42. Rc8 Kf6 43. Ra8 g5 44. Bd8+ Kf7 45. Rxa6 gxf4+ 46. gxf4 Rb8 47. Ra7+ Rb7 48. Ra1 Rb8 49. Bg5 Ra8 50. Rxa8 Bxa8 51. Kd4 Bd5 52. f5 Ke8 53. f6 Kf7 54. Ke5 Bc6 55. h4 Bb7 56. b5 Bd5 57. b6 Ba8 58. Kd6 e3 59. Bxe3 Kxf6 60. Kc7 Kf5 61. b7 Bxb7 62. Kxb7 Ke4 63. Bg5 e5 64. Kc6 Kf3 65. Kd5 e4 66. Kd4 1-0

[Event "British Columbia-ch U20"]
[Site "Richmond CAN"]
[Date "2017.11.13"]
[Round "4.2"]
[White "Richardson, Kai"]
[Black "Hemstapat, Andrew"]
[Result "0-1"]
[WhiteElo "2068"]
[BlackElo "2098"]
[WhiteFideId "-1"]
[WhiteFideId "-1"]
[PlyCount "112"]
[GameId "2160767908308983"]
[EventDate "2017.11.11"]
[EventType "swiss"]
[EventRounds "5"]
[EventCountry "CAN"]
[SourceTitle "EXT 2022"]
[Source "ChessBase"]
[SourceDate "2021.10.06"]
[SourceVersion "1"]
[SourceVersionDate "2021.10.06"]
[SourceQuality "1"]

1. Nf3 Nf6 2. c4 g6 3. b3 Bg7 4. Bb2 O-O 5. e3 d6 6. d4 Nbd7 7. Bd3 Re8 8. Bc2 c6 9. O-O Qc7 10. Re1 e5 11. e4 Nh5 12. Nc3 Nf4 13. Ne2 Nxe2+ 14. Rxe2 Nf8 15. dxe5 dxe5 16. Ba3 Rd8 17. Rd2 Bg4 18. Bd6 Rxd6 19. Rxd6 Bxf3 20. gxf3 Ne6 21. Rxe6 fxe6 22. Qd2 Rd8 23. Qg5 Rd4 24. Rd1 Rxd1+ 25. Bxd1 Qd6 26. Bc2 Kf7 27. Kg2 Qd4 28. a4 h5 29. Kg3 Bf8 30. Qe3 Qxe3 31. fxe3 Bc5 32. h3 Bxe3 33. b4 Bd2 34. b5 Ke7 35. Kf2 Ba5 36. Ke3 Bb6+ 37. Kd3 Kf6 38. bxc6 bxc6 39. a5 Bxa5 40. Ba4 c5 41. Bd7 h4 42. Kc2 Kg5 43. Bxe6 Kf4 44. Bg4 Ke3 45. Kb3 Kd3 46. Be6 Bb4 47. Bg4 a5 48. Be6 g5 49. Bf7 g4 50. fxg4 Kxe4 51. Bg6+ Kf3 52. Bd3 e4 53. Bf1 Bd2 54. Kc2 Bg5 55. Kd1 Kf2 56. Be2 a4 0-1

[Event "British Columbia-ch U20"]
[Site "Richmond CAN"]
[Date "2017.11.13"]
[Round "4.3"]
[White "Chung, Alec"]
[Black "Zhu, Brandon"]
[Result "0-1"]
[WhiteElo "1791"]
[BlackElo "2084"]
[WhiteFideId "-1"]
[WhiteFideId "-1"]
[PlyCount "46"]
[GameId "2160767908308984"]
[EventDate "2017.11.11"]
[EventType "swiss"]
[EventRounds "5"]
[EventCountry "CAN"]
[SourceTitle "EXT 2022"]
[Source "ChessBase"]
[SourceDate "2021.10.06"]
[SourceVersion "1"]
[SourceVersionDate "2021.10.06"]
[SourceQuality "1"]

1. c4 Nf6 2. Nc3 g6 3. g3 Bg7 4. Bg2 O-O 5. e4 d6 6. Nge2 c5 7. d3 Nc6 8. h3 a6 9. Be3 Rb8 10. O-O b5 11. Qd2 bxc4 12. dxc4 Ne5 13. b3 Bxh3 14. f4 Bxg2 15. fxe5 Nxe4 16. Nxe4 Bxe4 17. Nc3 Ba8 18. exd6 Qxd6 19. Qxd6 exd6 20. Rac1 Rfe8 21. Bf4 Bd4+ 22. Kh2 Bxc3 23. Rxc3 Re2+ 0-1

[Event "British Columbia-ch U20"]
[Site "Richmond CAN"]
[Date "2017.11.13"]
[Round "4.4"]
[White "Taylor, Tristan"]
[Black "Doknjas, John"]
[Result "0-1"]
[WhiteElo "1592"]
[BlackElo "2276"]
[WhiteFideId "-1"]
[WhiteFideId "-1"]
[PlyCount "82"]
[GameId "2160767908308985"]
[EventDate "2017.11.11"]
[EventType "swiss"]
[EventRounds "5"]
[EventCountry "CAN"]
[SourceTitle "EXT 2022"]
[Source "ChessBase"]
[SourceDate "2021.10.06"]
[SourceVersion "1"]
[SourceVersionDate "2021.10.06"]
[SourceQuality "1"]

1. e4 c5 2. d3 Nc6 3. f4 d5 4. Be2 e6 5. Nf3 Nf6 6. O-O dxe4 7. dxe4 Qxd1 8. Rxd1 Nxe4 9. Ne5 Nd4 10. Bd3 Nd6 11. c3 N4f5 12. Na3 f6 13. Nb5 Nxb5 14. Bxb5+ Ke7 15. Nc4 h5 16. Ne3 Nd6 17. Bd3 Bd7 18. Re1 Kf7 19. Nc4 Nxc4 20. Bxc4 b5 21. Bb3 c4 22. Bc2 Bc6 23. Be3 Bd6 24. Rad1 Rhd8 25. h4 a5 26. Rd2 Bc5 27. Rde2 Bxe3+ 28. Rxe3 Rd2 29. R1e2 Rad8 30. Kf2 Rxe2+ 31. Rxe2 Rd5 32. Be4 Rc5 33. Bxc6 Rxc6 34. Ke3 Rd6 35. Rd2 Rxd2 36. Kxd2 e5 37. Ke3 Ke6 38. Kf3 Kf5 39. a4 bxa4 40. g3 exf4 41. gxf4 g5 0-1

[Event "British Columbia-ch U20"]
[Site "Richmond CAN"]
[Date "2017.11.13"]
[Round "4.5"]
[White "Van, Anna"]
[Black "Zheng, Victor"]
[Result "0-1"]
[WhiteElo "1667"]
[BlackElo "1814"]
[WhiteFideId "-1"]
[WhiteFideId "-1"]
[PlyCount "152"]
[GameId "2160767908308986"]
[EventDate "2017.11.11"]
[EventType "swiss"]
[EventRounds "5"]
[EventCountry "CAN"]
[SourceTitle "EXT 2022"]
[Source "ChessBase"]
[SourceDate "2021.10.06"]
[SourceVersion "1"]
[SourceVersionDate "2021.10.06"]
[SourceQuality "1"]

1. e4 c5 2. Nc3 a6 3. f4 b5 4. g3 Bb7 5. Bg2 e6 6. d3 d5 7. exd5 exd5 8. Qe2+ Be7 9. Nf3 Nf6 10. O-O O-O 11. Bd2 Re8 12. Qd1 Qb6 13. Kh1 Nbd7 14. Ne5 Rad8 15. Rb1 Bd6 16. Nxd7 Rxd7 17. Re1 Rde7 18. Rxe7 Rxe7 19. Qf1 d4 20. Ne2 Nd5 21. Re1 c4 22. Qf2 Ne3 23. Bxe3 dxe3 24. Qf1 cxd3 25. cxd3 Kf8 26. Bxb7 Qxb7+ 27. Qg2 Qxg2+ 28. Kxg2 Bb4 29. Rc1 Rd7 30. d4 Ke7 31. Rc6 Rd6 32. Rxd6 Kxd6 33. Kf3 Bd2 34. Ke4 g6 35. g4 f6 36. Kd3 b4 37. Ng3 Ke6 38. Nf1 Bc1 39. b3 e2 40. Kxe2 Bxf4 41. Kf3 Bc7 42. h3 Kd5 43. Ne3+ Kxd4 44. Nc2+ Kc3 45. Ne3 Kb2 46. Nd5 Bd6 47. Nxf6 Kxa2 48. Ne4 Bf8 49. Nd2 Bh6 50. Ne4 Kxb3 51. Nc5+ Kc4 52. Ne4 b3 53. g5 Bf8 54. Nd2+ Kc3 55. Ke2 Kc2 56. Ke3 b2 57. Ke2 b1=Q 58. Nxb1 Kxb1 59. Kd3 a5 60. Kc3 a4 61. h4 a3 62. Kb3 a2 63. Kc4 a1=Q 64. Kd5 Qa6 65. Ke5 Qc6 66. Kd4 Qb5 67. Ke4 Qc5 68. Kf4 Qd5 69. Kg4 Qe4+ 70. Kg3 Qf5 71. Kg2 Qf4 72. Kh3 Qf3+ 73. Kh2 Qg4 74. Kh1 Bc5 75. Kh2 Bb6 76. Kh1 Qg1# 0-1

[Event "British Columbia-ch U20"]
[Site "Richmond CAN"]
[Date "2017.11.13"]
[Round "4.6"]
[White "Yang, Brian"]
[Black "Wu, Lucian"]
[Result "1-0"]
[WhiteElo "1400"]
[BlackElo "1838"]
[WhiteFideId "-1"]
[WhiteFideId "-1"]
[PlyCount "89"]
[GameId "2160767908308987"]
[EventDate "2017.11.11"]
[EventType "swiss"]
[EventRounds "5"]
[EventCountry "CAN"]
[SourceTitle "EXT 2022"]
[Source "ChessBase"]
[SourceDate "2021.10.06"]
[SourceVersion "1"]
[SourceVersionDate "2021.10.06"]
[SourceQuality "1"]

1. e4 e5 2. Nf3 Nc6 3. Bc4 Nf6 4. d3 Be7 5. c3 d6 6. O-O O-O 7. Re1 h6 8. Nbd2 Nh7 9. h3 Ng5 10. b4 a6 11. Qb3 Ne6 12. a4 Bd7 13. Nf1 Ng5 14. N1h2 Ne6 15. Be3 Bg5 16. Rad1 Bxe3 17. fxe3 Ne7 18. Qc2 Ng6 19. d4 Qe7 20. Ng4 h5 21. Nf2 Ng5 22. Be2 Nxf3+ 23. Bxf3 Qg5 24. g4 f5 25. exf5 Nh4 26. Bd5+ Kh8 27. e4 Nf3+ 28. Kh1 Nxe1 29. Rxe1 c6 30. Bb3 hxg4 31. Rg1 g3 32. Qe2 Rf6 33. Qd3 exd4 34. Rxg3 Qc1+ 35. Kh2 Qxc3 36. Qd1 Qb2 37. Rg2 Qc3 38. Qg4 g6 39. Qg5 Kg7 40. Ng4 Qxb3 41. Qxf6+ Kh7 42. Qxg6+ Kh8 43. Qh6+ Kg8 44. Ne5+ Qg3+ 45. Rxg3# 1-0

[Event "British Columbia-ch U20"]
[Site "Richmond CAN"]
[Date "2017.11.13"]
[Round "4.7"]
[White "Gu, Chuyang"]
[Black "Doknjas, Neil"]
[Result "0-1"]
[WhiteElo "1830"]
[BlackElo "1918"]
[WhiteFideId "-1"]
[WhiteFideId "-1"]
[PlyCount "44"]
[GameId "2160767908308988"]
[EventDate "2017.11.11"]
[EventType "swiss"]
[EventRounds "5"]
[EventCountry "CAN"]
[SourceTitle "EXT 2022"]
[Source "ChessBase"]
[SourceDate "2021.10.06"]
[SourceVersion "1"]
[SourceVersionDate "2021.10.06"]
[SourceQuality "1"]

1. e4 e5 2. Nf3 Nf6 3. Nxe5 d6 4. Nf3 Nxe4 5. d4 d5 6. Bd3 Nc6 7. O-O Bg4 8. Re1 f5 9. h3 Bh5 10. c4 Bb4 11. Bd2 Bxd2 12. Nbxd2 Nxd4 13. cxd5 O-O 14. Nxe4 Nxf3+ 15. gxf3 fxe4 16. Bxe4 Qg5+ 17. Kh2 Qf4+ 18. Kg2 Rae8 19. Kg1 Qg5+ 20. Kf1 Rxe4 21. Rxe4 Bxf3 22. Qd4 Qg2+ 0-1

[Event "British Columbia-ch U20"]
[Site "Richmond CAN"]
[Date "2017.11.13"]
[Round "4.8"]
[White "Xu, Andrew"]
[Black "Leong, Ryan"]
[Result "1-0"]
[WhiteElo "1450"]
[BlackElo "1589"]
[WhiteFideId "-1"]
[WhiteFideId "-1"]
[PlyCount "147"]
[GameId "2160767908308989"]
[EventDate "2017.11.11"]
[EventType "swiss"]
[EventRounds "5"]
[EventCountry "CAN"]
[SourceTitle "EXT 2022"]
[Source "ChessBase"]
[SourceDate "2021.10.06"]
[SourceVersion "1"]
[SourceVersionDate "2021.10.06"]
[SourceQuality "1"]

1. e4 c5 2. Nf3 a6 3. d4 cxd4 4. Nxd4 d6 5. c4 Nf6 6. Nc3 e6 7. Be2 Be7 8. Be3 O-O 9. O-O Nbd7 10. Rc1 d5 11. exd5 exd5 12. cxd5 Nb6 13. Bf3 Nfxd5 14. Nxd5 Nxd5 15. Bd2 Bd6 16. Ne2 Be6 17. a3 Re8 18. Re1 Qf6 19. Rc2 Rad8 20. Qc1 Rc8 21. Nc3 Nxc3 22. Bxc3 Qg6 23. Rce2 Re7 24. Qd2 Rd7 25. Qe3 Bc5 26. Qf4 Bd6 27. Qe3 Bc4 28. Rd2 Re7 29. Be4 f5 30. Qd4 fxe4 31. Qxd6 Qxd6 32. Rxd6 Rf8 33. h3 Bd3 34. Rxd3 exd3 35. Rxe7 Rd8 36. Re1 Kf7 37. f3 Kg6 38. Kf2 h5 39. Ke3 Kf5 40. g3 g5 41. Kd2 h4 42. Re5+ Kg6 43. gxh4 gxh4 44. Re4 Kh5 45. Bd4 Rg8 46. Rg4 Rf8 47. f4 Rf7 48. Bg7 Rf5 49. Rg5+ Rxg5 50. fxg5 Kxg5 51. Kxd3 Kf4 52. Kc4 Kg3 53. Bf6 b6 54. Kd5 Kxh3 55. Kc6 b5 56. Kb6 Kg4 57. Bxh4 Kf5 58. Kxa6 Ke5 59. Kxb5 Kd6 60. Kb6 Kd5 61. a4 Kc4 62. a5 Kb3 63. a6 Kxb2 64. Bf6+ Kb3 65. a7 Kc4 66. a8=Q Kb4 67. Qe4+ Kb3 68. Qd3+ Ka2 69. Ba1 Kxa1 70. Qb5 Ka2 71. Qb4 Ka1 72. Kc5 Ka2 73. Kc4 Ka1 74. Kc3 1-0

[Event "British Columbia-ch U20"]
[Site "Richmond CAN"]
[Date "2017.11.13"]
[Round "4.9"]
[White "Bremner, William"]
[Black "Sun, Elvin"]
[Result "1-0"]
[WhiteElo "1547"]
[BlackElo "1428"]
[WhiteFideId "-1"]
[WhiteFideId "-1"]
[PlyCount "99"]
[GameId "2160767908308990"]
[EventDate "2017.11.11"]
[EventType "swiss"]
[EventRounds "5"]
[EventCountry "CAN"]
[SourceTitle "EXT 2022"]
[Source "ChessBase"]
[SourceDate "2021.10.06"]
[SourceVersion "1"]
[SourceVersionDate "2021.10.06"]
[SourceQuality "1"]

1. Nf3 Nf6 2. c4 g6 3. Nc3 d5 4. cxd5 Nxd5 5. Qb3 Nb6 6. h4 Be6 7. Qd1 Bg7 8. h5 Bf6 9. d3 Nc6 10. hxg6 fxg6 11. g3 Qd7 12. Bg2 Nd5 13. Ne4 Rb8 14. Nxf6+ exf6 15. b3 O-O 16. Bb2 Rbe8 17. Rc1 Bg4 18. O-O Re6 19. Qd2 Rfe8 20. Rfe1 Ndb4 21. a3 Na6 22. b4 Nd8 23. Rc4 Rd6 24. Rd4 c6 25. Rxd6 Qxd6 26. Qc3 Bxf3 27. Bxf3 Kf7 28. Kg2 Ne6 29. Qxf6+ Kg8 30. Qh8+ Kf7 31. Qxh7+ Kf8 32. Bg4 Re7 33. Qh8+ Kf7 34. Rh1 Nf8 35. Rh7+ Ke8 36. Rxe7+ Kxe7 37. Qg7+ Ke8 38. Qxb7 Nc7 39. Qxa7 Qd5+ 40. Bf3 Qd6 41. Qe3+ Kd7 42. Bg4+ Kd8 43. Qg5+ Ke8 44. Qe5+ Qxe5 45. Bxe5 Nce6 46. a4 Ke7 47. Bxe6 Nxe6 48. a5 Nf8 49. a6 Nd7 50. Bd4 1-0

[Event "British Columbia-ch U20"]
[Site "Richmond CAN"]
[Date "2017.11.13"]
[Round "4.10"]
[White "Wang, Jerry"]
[Black "Singh, Gurbaz"]
[Result "1/2-1/2"]
[WhiteElo "1521"]
[BlackElo "1425"]
[WhiteFideId "-1"]
[WhiteFideId "-1"]
[PlyCount "65"]
[GameId "2160767908308991"]
[EventDate "2017.11.11"]
[EventType "swiss"]
[EventRounds "5"]
[EventCountry "CAN"]
[SourceTitle "EXT 2022"]
[Source "ChessBase"]
[SourceDate "2021.10.06"]
[SourceVersion "1"]
[SourceVersionDate "2021.10.06"]
[SourceQuality "1"]

1. e4 c5 2. Nf3 d6 3. d4 cxd4 4. Nxd4 Nf6 5. Nc3 g6 6. Be2 Bg7 7. Be3 Nc6 8. O-O O-O 9. Rb1 d5 10. exd5 Nxd5 11. Nxc6 bxc6 12. Nxd5 Qxd5 13. Qxd5 cxd5 14. Bc5 Rd8 15. Bxe7 Re8 16. Bf3 Rxe7 17. Bxd5 Rb8 18. b3 Bf5 19. Rbe1 Rd7 20. Be4 Bxe4 21. Rxe4 Rd2 22. Re7 Bd4 23. Rc7 Bb6 24. Rc6 Re8 25. g3 Ree2 26. Rf6 Kg7 27. Rf3 Rxc2 28. a4 f5 29. h3 h5 30. h4 Kf6 31. Kg2 g5 32. hxg5+ Kxg5 33. Kg1 1/2-1/2